Phân tích và thiết kế hệ thống thông tin quản lý /
Các hệ thông tin của những tổ chức; Phân tích thiết kế thực hiện một hệ thống thông tin tự động hoá; Phân tích hiện trạng; Hệ thông tin ý niệm; Hệ thông tin logic.
Salvato in:
| Autore principale: | |
|---|---|
| Natura: | Libro |
| Lingua: | Vietnamese |
| Pubblicazione: |
Tp.HCM :
Nxb Trẻ,
1996.
|
| Soggetti: | |
| Tags: |
Aggiungi Tag
Nessun Tag, puoi essere il primo ad aggiungerne! !
|
| Thư viện lưu trữ: | Mạng thư viện Đại học Đà Nẵng |
|---|
| LEADER | 01005cam a2200313 a 4500 | ||
|---|---|---|---|
| 001 | 000042740 | ||
| 003 | 615 | ||
| 005 | 20110226101352.0 | ||
| 008 | 010217b1996 vm 000 vie | ||
| 040 | |a IRC |c IRC |d IRC | ||
| 041 | 0 | |a vie | |
| 082 | 1 | 4 | |a 003.3 |b TR-T |
| 100 | 1 | |a Trần Thành Trai. | |
| 245 | 1 | 0 | |a Phân tích và thiết kế hệ thống thông tin quản lý / |c Trần Thành Trai. |
| 260 | |a Tp.HCM : |b Nxb Trẻ, |c 1996. | ||
| 300 | |a 317 tr. ; |c 23 cm. | ||
| 520 | 3 | |a Các hệ thông tin của những tổ chức; Phân tích thiết kế thực hiện một hệ thống thông tin tự động hoá; Phân tích hiện trạng; Hệ thông tin ý niệm; Hệ thông tin logic. | |
| 630 | 0 | 4 | |a Tin học. |
| 650 | 0 | 4 | |a Thông tin |x Quản lý. |
| OWN | |a DUT | ||
| 999 | |a From the UDN01 | ||
| TYP | |a Monograph | ||
| TYP | |a Printed language | ||
| 980 | |a Mạng thư viện Đại học Đà Nẵng | ||